000 00590nam a22002057a 4500
003 OSt
005 20140310183121.0
008 130511t xxu||||| |||| 00| 0 eng d
020 _a971087117
050 _aPE1112
_b.J86 2011
082 _aFIL 808.0427
_bJ86 2011
245 _aEnglish one :
_bcreative and critical thinking for communication skills /
_cJoven, Jose R.
260 _aMandaluyong City :
_bNational Bookstore,
_c2011
300 _aviii, 149 p.
_c23 cm
521 _aCollege Students
526 _c1210L-1700L
541 _j1
562 _e1
942 _2lcc
_cBK
_kFIL
999 _c18941
_d18941